[Event "FB1 1920 SC Bad Königshofen 1957 - Hamb"]
[Site "?"]
[Date "2020.02.02"]
[Round "6.2"]
[White "Melamed, Tatjana"]
[Black "Papp, Sarah"]
[Result "0-1"]
[WhiteElo "2357"]
[BlackElo "2316"]
[PlyCount "64"]
[EventDate "2020.??.??"]

1. e4 c5 2. Nf3 Nc6 3. Bb5 e6 4. O-O Nge7 5. d4 cxd4 6. Nxd4 a6 7. Be2 Nxd4 8.
Qxd4 Nc6 9. Qc3 b5 10. Bf4 Bb7 11. a4 b4 12. Qe3 e5 13. Bg3 Be7 14. Bc4 Na5 15.
Nd2 Rc8 16. Qd3 Nxc4 17. Nxc4 Qc7 18. b3 f6 19. Rfd1 Bc5 20. Qf3 O-O 21. Qg4
Rf7 22. Kh1 d6 23. f3 f5 24. exf5 Rcf8 25. f6 Rxf6 26. Nxe5 Bc8 27. Qe4 Re6 28.
Qc6 Qe7 29. Nc4 Bb7 30. Bh4 Bxc6 31. Bxe7 Rxe7 32. Nxd6 Rxf3 0-1

[Event "FB1 1920 SC Bad Königshofen 1957 - Hamb"]
[Site "?"]
[Date "2020.02.02"]
[Round "6.3"]
[White "Osmanodja, Filiz"]
[Black "Savina, Anastasia"]
[Result "1-0"]
[WhiteElo "2282"]
[BlackElo "2348"]
[PlyCount "49"]
[EventDate "2020.??.??"]

1. e4 Nc6 2. Nf3 d5 3. exd5 Qxd5 4. Nc3 Qa5 5. Bb5 Bd7 6. a3 O-O-O 7. Rb1 Qb6
8. d3 Qc5 9. Be3 Qh5 10. O-O e5 11. Ne4 f6 12. b4 Nge7 13. Ng3 Qe8 14. c4 h5
15. Qa4 h4 16. Ne4 h3 17. g3 Nb8 18. Bxa7 Bxb5 19. cxb5 Rxd3 20. Rbc1 Nd5 21.
Ne1 Qg6 22. b6 Nc6 23. Rxc6 Rd4 24. Nc5 Nc3 25. Rxc7+ 1-0

[Event "FB1 1920 SC Bad Königshofen 1957 - Hamb"]
[Site "?"]
[Date "2020.02.02"]
[Round "6.4"]
[White "Obolentseva, Alexandra"]
[Black "Fuchs, Judith"]
[Result "1-0"]
[WhiteElo "2299"]
[BlackElo "2239"]
[PlyCount "93"]
[EventDate "2020.??.??"]

1. d4 Nf6 2. c4 e6 3. Nc3 Bb4 4. Qc2 d5 5. Bg5 O-O 6. e3 h6 7. Bh4 b6 8. cxd5
exd5 9. Nf3 Nbd7 10. Bd3 Bb7 11. O-O Be7 12. Bf5 Re8 13. Rad1 a6 14. Ne5 Nf8
15. f4 Qd6 16. Rf3 Bc8 17. Rg3 Nh5 18. Bxe7 Rxe7 19. Rh3 Bxf5 20. Qxf5 Nf6 21.
g4 Qe6 22. Qxe6 Nxe6 23. Rg3 Ree8 24. h4 Rad8 25. g5 hxg5 26. hxg5 Nh5 27. Rh3
g6 28. Ng4 Kg7 29. Kf2 c5 30. dxc5 d4 31. exd4 bxc5 32. d5 Nexf4 33. Re3 c4 34.
Kf3 Rxe3+ 35. Nxe3 f6 36. gxf6+ Kxf6 37. Nxc4 g5 38. Ne4+ Kf5 39. Ne3+ Ke5 40.
d6 Ng6 41. Rd5+ Ke6 42. Nxg5+ Kd7 43. Nc4 Rf8+ 44. Ke3 Nf6 45. Rc5 Ng4+ 46. Kd2
Rf2+ 47. Ke1 1-0

[Event "FB1 1920 SC Bad Königshofen 1957 - Hamb"]
[Site "?"]
[Date "2020.02.02"]
[Round "6.5"]
[White "Genova, Lyubka"]
[Black "Babiy, Olga"]
[Result "1/2-1/2"]
[WhiteElo "2223"]
[BlackElo "2212"]
[PlyCount "88"]
[EventDate "2020.??.??"]

1. e4 c5 2. Nf3 e6 3. d4 cxd4 4. Nxd4 Nc6 5. Nc3 Qc7 6. Be3 a6 7. Be2 b5 8.
Nxc6 Qxc6 9. Bf3 Qc7 10. O-O Bb7 11. a3 Bd6 12. g3 Be5 13. Bd4 d6 14. Bg2 Ne7
15. f4 Bxd4+ 16. Qxd4 O-O 17. f5 Nc6 18. Qe3 Ne5 19. fxe6 fxe6 20. Bh3 Qe7 21.
b3 Rad8 22. Rae1 Bc8 23. Ne2 h6 24. Nd4 Rde8 25. Rxf8+ Rxf8 26. Rf1 Rxf1+ 27.
Kxf1 Kf7 28. Qf4+ Ke8 29. Ke2 g5 30. Qd2 Qh7 31. Qe3 Qc7 32. Kd1 Qc5 33. Qd2 g4
34. Bg2 Qxa3 35. Qc3 Qc5 36. Qd2 Bd7 37. c3 a5 38. Qxh6 Qxc3 39. Qh8+ Ke7 40.
Qh4+ Ke8 41. Qh8+ Ke7 42. Qh4+ Kf7 43. Qh7+ Kf6 44. Qh8+ Ke7 1/2-1/2

[Event "FB1 1920 SC Bad Königshofen 1957 - Hamb"]
[Site "?"]
[Date "2020.02.02"]
[Round "6.6"]
[White "Schoene, Maria"]
[Black "Rogozenco, Teodora"]
[Result "1-0"]
[WhiteElo "2170"]
[BlackElo "1988"]
[PlyCount "77"]
[EventDate "2020.??.??"]

1. e4 e5 2. Nf3 Nc6 3. Bb5 a6 4. Ba4 Nf6 5. O-O b5 6. Bb3 Be7 7. Re1 d6 8. c3
O-O 9. h3 Bb7 10. d4 Nb8 11. Nbd2 Nbd7 12. Bc2 Re8 13. Nf1 Bf8 14. Ng3 g6 15.
b3 c6 16. Ba3 Qc7 17. Qd2 a5 18. Rad1 Rad8 19. Qg5 Bg7 20. Nh4 Nf8 21. dxe5
dxe5 22. Bxf8 Rxf8 23. Ngf5 Rxd1 24. Rxd1 gxf5 25. Nxf5 Ne8 26. Rd8 f6 27. Qd2
Kh8 28. Bd1 Bc8 29. Nxg7 Kxg7 30. Bh5 Be6 31. Rxe8 Rxe8 32. Bxe8 a4 33. b4 a3
34. Bh5 Qd7 35. Qxd7+ Bxd7 36. Bg4 Bxg4 37. hxg4 Kf7 38. Kh2 Ke6 39. Kg3 1-0

[Event "FB1 1920 SV 1920 Hofheim - TuRa Harkshe"]
[Site "?"]
[Date "2020.02.02"]
[Round "6.1"]
[White "Unuk, Laura"]
[Black "Bluhm, Sonja Maria"]
[Result "1-0"]
[WhiteElo "2377"]
[BlackElo "2187"]
[PlyCount "65"]
[EventDate "2020.??.??"]

1. d4 Nf6 2. c4 c5 3. d5 b5 4. Qc2 d6 5. e4 g6 6. cxb5 Bg7 7. Nc3 O-O 8. Nf3
Nfd7 9. Be2 a6 10. O-O axb5 11. Nxb5 Ba6 12. a4 Nb6 13. Bf4 N8d7 14. Rfd1 Nf6
15. Rac1 Qd7 16. b3 Qg4 17. g3 Qd7 18. Bf1 Rfb8 19. Re1 Nh5 20. Bd2 Qg4 21. Ng5
Qd7 22. Rcd1 h6 23. Bh3 Qb7 24. Nxf7 Bxb5 25. axb5 Kh7 26. g4 Nf6 27. g5 Ng8
28. gxh6 Bf6 29. Be6 Nd7 30. e5 Bxe5 31. Ng5+ Kxh6 32. Bf7 Nf8 33. Ne6+ 1-0

[Event "FB1 1920 SV 1920 Hofheim - TuRa Harkshe"]
[Site "?"]
[Date "2020.02.02"]
[Round "6.2"]
[White "Mar, Karmen"]
[Black "Antolak, Julia"]
[Result "0-1"]
[WhiteElo "2072"]
[BlackElo "2301"]
[PlyCount "82"]
[EventDate "2020.??.??"]

1. e4 c5 2. Nf3 e6 3. g3 Nc6 4. Bg2 Nf6 5. Qe2 Be7 6. O-O O-O 7. e5 Nd5 8. c4
Ndb4 9. d3 f6 10. a3 Na6 11. exf6 Bxf6 12. Nc3 d5 13. Bf4 Re8 14. Ne5 Nd4 15.
Qh5 dxc4 16. Be4 Nf5 17. Nxc4 g6 18. Qf3 e5 19. Bd2 Rb8 20. Nd5 Bg5 21. Bc3 Nd4
22. Bxd4 exd4 23. h4 Rf8 24. Qh1 Bh6 25. h5 g5 26. Rae1 Kh8 27. Ne5 Nc7 28.
Nxc7 Qxc7 29. Nc4 b5 30. Nd2 c4 31. Rc1 g4 32. Rc2 c3 33. Nb1 Bg7 34. bxc3 dxc3
35. Nxc3 Bxc3 36. Rfc1 Qb6 37. Qh2 Bd4 38. h6 Bb7 39. Bxb7 Qxb7 40. Qh4 Qf3 41.
Rf1 Rbe8 0-1

[Event "FB1 1920 SV 1920 Hofheim - TuRa Harkshe"]
[Site "?"]
[Date "2020.02.02"]
[Round "6.3"]
[White "Utiatskaja, Irina"]
[Black "Roessler, Ulrike"]
[Result "0-1"]
[WhiteElo "2143"]
[BlackElo "2107"]
[PlyCount "66"]
[EventDate "2020.??.??"]

1. e4 d6 2. d4 Nf6 3. Nc3 g6 4. Be3 c6 5. Qd2 Nbd7 6. Nf3 Bg7 7. Bh6 Bxh6 8.
Qxh6 Qa5 9. Qd2 O-O 10. Bd3 e5 11. dxe5 dxe5 12. O-O-O Kg7 13. h4 h5 14. Kb1
Re8 15. Ng5 Nc5 16. Bc4 Be6 17. Bxe6 Nxe6 18. Nxe6+ Rxe6 19. f3 b5 20. Ne2 Qa4
21. g4 c5 22. Ng3 Ra6 23. a3 b4 24. Qg5 bxa3 25. b3 Qa5 26. Rd3 c4 27. Nf5+ Kg8
28. Nh6+ Kf8 29. bxc4 a2+ 30. Ka1 Rb8 31. c3 Rb1+ 32. Rxb1 axb1=Q+ 33. Kxb1
Qa1+ 0-1

[Event "FB1 1920 SV 1920 Hofheim - TuRa Harkshe"]
[Site "?"]
[Date "2020.02.02"]
[Round "6.4"]
[White "Kushka, Alena"]
[Black "Gosciniak, Maria"]
[Result "1/2-1/2"]
[WhiteElo "2137"]
[BlackElo "2091"]
[PlyCount "81"]
[EventDate "2020.??.??"]

1. d4 e6 2. c4 Bb4+ 3. Bd2 Qe7 4. e4 Bxd2+ 5. Qxd2 e5 6. d5 d6 7. Bd3 Nh6 8.
Nc3 Nd7 9. b4 f5 10. exf5 O-O 11. Nge2 Nxf5 12. O-O Nf6 13. Ne4 Nxe4 14. Bxe4
Qh4 15. f4 Bd7 16. g3 Qe7 17. Rae1 Rae8 18. Bxf5 Rxf5 19. Nd4 Rf6 20. f5 Qf7
21. Ne6 Rxf5 22. Rxf5 Qxf5 23. Rf1 Qg4 24. Nxc7 Rc8 25. Qf2 Qd4 26. Qxd4 exd4
27. Ne6 Bxe6 28. dxe6 Re8 29. Rd1 Rxe6 30. Rxd4 Kf7 31. Kf2 Ke7 32. a4 Re5 33.
Kf3 a5 34. b5 b6 35. Rh4 h5 36. Re4 Ke6 37. Rxe5+ Kxe5 38. Ke3 g5 39. h3 d5 40.
cxd5 Kxd5 41. Kd3 1/2-1/2

[Event "FB1 1920 SV 1920 Hofheim - TuRa Harkshe"]
[Site "?"]
[Date "2020.02.02"]
[Round "6.5"]
[White "Brandt, Carina"]
[Black "Winterholler, Christina"]
[Result "1-0"]
[WhiteElo "2045"]
[BlackElo "2071"]
[PlyCount "71"]
[EventDate "2020.??.??"]

1. e4 e5 2. Nf3 Nc6 3. d4 exd4 4. Nxd4 Bc5 5. Nb3 Bb6 6. Nc3 d6 7. Qe2 Nge7 8.
Be3 Be6 9. O-O-O Qd7 10. Nc5 Bxc5 11. Bxc5 a6 12. f3 b6 13. Be3 b5 14. Kb1 O-O
15. h4 Rfe8 16. Qf2 Ne5 17. h5 f6 18. Qh4 Kf7 19. Bc1 b4 20. Nd5 Bxd5 21. exd5
Qa4 22. Qe4 f5 23. Qd4 Rab8 24. h6 Rg8 25. Re1 Qd7 26. Bg5 N7g6 27. hxg7 Rxg7
28. f4 Ng4 29. Be2 a5 30. Bxg4 fxg4 31. Bf6 b3 32. Bxg7 bxc2+ 33. Kc1 Kg8 34.
Bh6 Qf7 35. Re6 c5 36. dxc6 1-0

[Event "FB1 1920 SV 1920 Hofheim - TuRa Harkshe"]
[Site "?"]
[Date "2020.02.02"]
[Round "6.6"]
[White "Heymann-Lobzhanidze, Anna-Luise"]
[Black "Rosmait, Emily"]
[Result "1-0"]
[WhiteElo "1931"]
[BlackElo "1894"]
[PlyCount "75"]
[EventDate "2020.??.??"]

1. e4 e5 2. Nf3 Nc6 3. Bc4 Bc5 4. c3 Nf6 5. d3 h6 6. O-O Bb6 7. Nbd2 O-O 8. Bb3
d6 9. h3 Ne7 10. Nh4 g5 11. Qf3 Kg7 12. Nf5+ Nxf5 13. exf5 Qd7 14. g4 d5 15.
Re1 Re8 16. Nf1 c6 17. Ng3 Bc7 18. Re2 b6 19. Bd2 Bb7 20. Rd1 Rad8 21. Bc1 b5
22. h4 gxh4 23. Bxh6+ Kxh6 24. g5+ Kg7 25. gxf6+ Kxf6 26. Nh5+ Ke7 27. f6+ Kd6
28. Ng7 Rg8 29. d4 c5 30. dxe5+ Kc6 31. c4 Kb6 32. cxd5 c4 33. Bc2 Bxd5 34. Be4
Bxe5 35. Bxd5 Bb8 36. Re7 Qd6 37. Qe3+ Ka6 38. Bb7+ 1-0

[Event "FB1 1920 SK Lehrte - OSG Baden-Baden"]
[Site "?"]
[Date "2020.02.02"]
[Round "6.2"]
[White "Newrkla, Katharina"]
[Black "Paehtz, Elisabeth"]
[Result "0-1"]
[WhiteElo "2239"]
[BlackElo "2472"]
[PlyCount "92"]
[EventDate "2020.??.??"]

1. d4 Nf6 2. Nc3 d5 3. Bf4 a6 4. e3 e6 5. Bd3 c5 6. dxc5 Bxc5 7. Nf3 Nc6 8. O-O
h6 9. e4 d4 10. Ne2 Nh5 11. Bd2 e5 12. Ng3 Nxg3 13. fxg3 Be6 14. Kh1 Qd7 15. a3
Be7 16. b4 O-O 17. Qe2 Rac8 18. Rab1 Qc7 19. a4 Bd7 20. c3 dxc3 21. Bxc3 Bd6
22. Qb2 f6 23. Rbc1 Qb8 24. Rfd1 Be6 25. Nh4 Ne7 26. Qe2 Rfd8 27. Bd2 Kh7 28.
g4 Rxc1 29. Rxc1 Nc6 30. Nf5 Bxb4 31. Be3 Bxf5 32. gxf5 Qd6 33. Bc4 Ne7 34. h3
Ba3 35. Rb1 Qc6 36. Rb3 Bd6 37. Bb6 Rc8 38. Be6 Qc1+ 39. Kh2 Rc2 40. Qh5 Qf4+
41. Rg3 Rc3 42. Qg4 Rxg3 43. Qxg3 Qxe4 44. Qg4 Qd3 45. Bd8 e4+ 46. g3 Bc5 0-1

[Event "FB1 1920 SK Lehrte - OSG Baden-Baden"]
[Site "?"]
[Date "2020.02.02"]
[Round "6.3"]
[White "Zatonskih, Anna"]
[Black "Hapala, Elisabeth"]
[Result "1-0"]
[WhiteElo "2425"]
[BlackElo "2170"]
[PlyCount "73"]
[EventDate "2020.??.??"]

1. d4 d5 2. c4 c6 3. Nf3 Nf6 4. Qc2 dxc4 5. Qxc4 Bg4 6. h3 Bh5 7. Nc3 Nbd7 8.
g4 Bg6 9. Bg2 e6 10. O-O Be7 11. e3 O-O 12. Nh4 a5 13. Nxg6 hxg6 14. Rd1 Nb6
15. Qe2 a4 16. a3 Qc7 17. e4 Rfd8 18. Be3 Rd7 19. Rac1 Qd8 20. g5 Ne8 21. h4
Nd6 22. f4 Ndc4 23. Bf2 Na5 24. Rd3 Bd6 25. e5 Bf8 26. h5 gxh5 27. Qxh5 g6 28.
Qh4 Nb3 29. Rcd1 Bg7 30. Ne4 Kf8 31. Nf6 Ke7 32. d5 Rxd5 33. Bxd5 Nxd5 34. Rxb3
Bxf6 35. gxf6+ Kd7 36. Rxb7+ Kc8 37. Rxf7 1-0

[Event "FB1 1920 SK Lehrte - OSG Baden-Baden"]
[Site "?"]
[Date "2020.02.02"]
[Round "6.4"]
[White "Duessler, Stefanie"]
[Black "Kovalevskaya, Ekaterina"]
[Result "1/2-1/2"]
[WhiteElo "2112"]
[BlackElo "2407"]
[PlyCount "108"]
[EventDate "2020.??.??"]

1. e4 c5 2. Nf3 Nc6 3. d4 cxd4 4. Nxd4 e5 5. Nb5 d6 6. N1c3 a6 7. Na3 Be7 8.
Be3 Nf6 9. Nc4 b5 10. Nb6 Rb8 11. Nxc8 Qxc8 12. Be2 O-O 13. O-O b4 14. Nd5 Nxe4
15. Bf3 Nf6 16. Nxe7+ Nxe7 17. Ba7 Rb5 18. Qxd6 Nf5 19. Qc6 Nh4 20. Rfe1 Nxf3+
21. Qxf3 Qxc2 22. Re2 Qc7 23. Be3 Rd8 24. Bg5 e4 25. Qe3 Rd3 26. Qf4 Qxf4 27.
Bxf4 g5 28. Be3 Rbd5 29. h3 Kg7 30. Rc2 a5 31. Rc4 Kg6 32. Kh2 g4 33. h4 Kf5
34. Rc7 Nd7 35. Rac1 f6 36. R1c6 Rd6 37. Rc4 R3d5 38. Ra7 h5 39. Rc8 Ne5 40.
Rh7 Rd8 41. Rxh5+ Ke6 42. Rh8 Rxh8 43. Rxh8 Nc4 44. Kg3 Nxe3 45. fxe3 Rd2 46.
Ra8 Rxb2 47. Rxa5 Re2 48. Kxg4 Rxg2+ 49. Kf4 Rh2 50. h5 Rh4+ 51. Kg3 Rh1 52.
Kf4 Rh4+ 53. Kg3 Rh1 54. Kf4 Rh4+ 1/2-1/2

[Event "FB1 1920 SV Medizin Erfurt - Karlsruher"]
[Site "?"]
[Date "2020.02.02"]
[Round "6.6"]
[White "Umpfenbach, Carolin"]
[Black "Moingt, Anne"]
[Result "1/2-1/2"]
[WhiteElo "2073"]
[BlackElo "2068"]
[PlyCount "97"]
[EventDate "2020.??.??"]

1. d4 Nf6 2. c4 e6 3. Nc3 Bb4 4. Bd2 O-O 5. Nf3 c5 6. e3 cxd4 7. exd4 d5 8. Qa4
Be7 9. c5 Nc6 10. Bb5 Bd7 11. O-O Qc7 12. Rfe1 a5 13. g3 Rfe8 14. Bf4 Qd8 15.
a3 Na7 16. Bxd7 Nxd7 17. b4 axb4 18. axb4 Nc6 19. Qxa8 Qxa8 20. Rxa8 Rxa8 21.
b5 Nb4 22. Rb1 Nd3 23. Bd2 Nf6 24. Kf1 Ne4 25. Nxe4 dxe4 26. Ne1 f6 27. Nxd3
exd3 28. Rb3 Rd8 29. c6 bxc6 30. bxc6 Rc8 31. Rb6 Kf7 32. Bc3 Bd8 33. Ra6 Rb8
34. Ke1 Ke7 35. Kd2 Kd6 36. Kxd3 Bb6 37. Kc4 Kc7 38. f4 Rd8 39. f5 Rd6 40. fxe6
Rxc6+ 41. Kd3 Rxe6 42. Ra8 Kc6 43. Rg8 Re7 44. Kc4 Rf7 45. g4 g6 46. d5+ Kd7
47. Bb4 f5 48. gxf5 gxf5 49. Rf8 1/2-1/2

[Event "FB1 1920 SV Weißblau Allianz Leipzig -"]
[Site "?"]
[Date "2020.02.02"]
[Round "6.1"]
[White "Michna, Marta"]
[Black "Kulon, Klaudia"]
[Result "1/2-1/2"]
[WhiteElo "2359"]
[BlackElo "2335"]
[PlyCount "34"]
[EventDate "2020.??.??"]

1. d4 d5 2. Nf3 Nf6 3. e3 g6 4. b3 Bg7 5. Bb2 O-O 6. Nbd2 Nbd7 7. Bd3 c5 8. O-O
b6 9. Qe2 a6 10. c4 Bb7 11. Rfd1 e6 12. Rac1 Qe7 13. e4 dxe4 14. Nxe4 Nxe4 15.
Bxe4 Bxe4 16. Qxe4 cxd4 17. Bxd4 Nc5 1/2-1/2

[Event "FB1 1920 SV Weißblau Allianz Leipzig -"]
[Site "?"]
[Date "2020.02.02"]
[Round "6.2"]
[White "Von Herman, Brigitte"]
[Black "Schleining, Zoya"]
[Result "0-1"]
[WhiteElo "2097"]
[BlackElo "2309"]
[PlyCount "118"]
[EventDate "2020.??.??"]

1. e4 c6 2. d4 d5 3. exd5 cxd5 4. Bd3 Nc6 5. c3 Qc7 6. Nf3 Bg4 7. Nbd2 e6 8. h3
Bh5 9. Qc2 Nf6 10. O-O Bd6 11. Re1 a6 12. a3 Rc8 13. Qd1 O-O 14. g4 Bg6 15.
Bxg6 hxg6 16. Qe2 e5 17. dxe5 Nxe5 18. Nxe5 Bxe5 19. Nf3 Bd6 20. Be3 Rfe8 21.
Rad1 Rcd8 22. Qd3 Ne4 23. Kg2 Be7 24. Nd4 Bf6 25. Qe2 Qc8 26. Qf3 Be5 27. Bf4
f6 28. Be3 Kf7 29. Rc1 b5 30. Rh1 Qd7 31. h4 Bxd4 32. Bxd4 Nd2 33. Qg3 Re4 34.
f3 Re2+ 35. Kh3 Nb3 36. Rb1 Rde8 37. Rh2 Rxh2+ 38. Qxh2 Nxd4 39. cxd4 Qe6 40.
Rf1 Qe2 41. Rf2 Qe3 42. Kg2 Qxd4 43. h5 Qe5 44. hxg6+ Kxg6 45. f4 Qe4+ 46. Kg3
Kf7 47. Qh5+ Kg8 48. g5 Qd3+ 49. Kg2 g6 50. Qh6 Qe4+ 51. Kg3 Qf5 52. gxf6 Re3+
53. Kg2 Qg4+ 54. Kf1 Qh3+ 55. Qxh3 Rxh3 56. f5 g5 57. Rg2 Rf3+ 58. Ke2 Rxf5 59.
Kd3 Kf7 0-1

[Event "FB1 1920 SV Weißblau Allianz Leipzig -"]
[Site "?"]
[Date "2020.02.02"]
[Round "6.3"]
[White "Koepke, Elena"]
[Black "Schulz, Petra"]
[Result "1-0"]
[WhiteElo "2280"]
[BlackElo "2044"]
[PlyCount "89"]
[EventDate "2020.??.??"]

1. e4 e6 2. d4 d5 3. Nd2 c5 4. exd5 Qxd5 5. Ngf3 cxd4 6. Bc4 Qd6 7. O-O Nc6 8.
Ne4 Qd8 9. Qe2 Be7 10. Rd1 Nf6 11. c3 Nxe4 12. Qxe4 Bf6 13. cxd4 O-O 14. Bf4
Nb4 15. Be5 Nd5 16. Bxd5 exd5 17. Qf4 Bxe5 18. dxe5 Be6 19. Rac1 Rc8 20. Rxc8
Qxc8 21. Rc1 Qd7 22. Nd4 Rc8 23. h3 h6 24. Rxc8+ Qxc8 25. Qd2 Qc5 26. a3 Bd7
27. f4 a5 28. Kh2 a4 29. Kg3 g6 30. Kh2 h5 31. Qc3 Qb6 32. Kg3 Kf8 33. Qb4+
Qxb4 34. axb4 b5 35. Kf3 Ke7 36. Ke3 Kd8 37. Nf3 Kc7 38. Kd4 Kc6 39. Ng5 Be6
40. Nh7 h4 41. Ng5 Bf5 42. Nf3 Be4 43. Nxh4 Kd7 44. g4 Kc6 45. Ke3 1-0

[Event "FB1 1920 SV Weißblau Allianz Leipzig -"]
[Site "?"]
[Date "2020.02.02"]
[Round "6.4"]
[White "Daemering, Katrin"]
[Black "Klek, Hanna Marie"]
[Result "0-1"]
[WhiteElo "1999"]
[BlackElo "2295"]
[PlyCount "70"]
[EventDate "2020.??.??"]

1. e4 e5 2. Nf3 Nc6 3. Bb5 a6 4. Bxc6 dxc6 5. O-O Bg4 6. h3 h5 7. d3 Qf6 8.
Nbd2 g5 9. Re1 Be6 10. d4 O-O-O 11. c3 Bd6 12. dxe5 Bxe5 13. Nxe5 Qxe5 14. Qe2
g4 15. h4 Ne7 16. Nf1 Ng6 17. g3 Rhe8 18. Bd2 Bd5 19. Bg5 f6 20. exd5 Qxe2 21.
Rxe2 Rxe2 22. Bxf6 Rf8 23. Bd4 cxd5 24. b4 b6 25. a4 Ne7 26. a5 Kb7 27. axb6
cxb6 28. Rd1 Kc6 29. Be3 Nf5 30. Bg5 a5 31. bxa5 bxa5 32. Ne3 Nxe3 33. Bxe3 Ra8
34. Ra1 a4 35. Ra3 Rb2 0-1

[Event "FB1 1920 SV Weißblau Allianz Leipzig -"]
[Site "?"]
[Date "2020.02.02"]
[Round "6.5"]
[White "Misanovic, Vesna"]
[Black "Just, Anita"]
[Result "0-1"]
[WhiteElo "2258"]
[BlackElo "1902"]
[PlyCount "96"]
[EventDate "2020.??.??"]

1. d4 e6 2. Bf4 f5 3. Nc3 Nf6 4. Qd3 Bb4 5. a3 Bxc3+ 6. Qxc3 Nd5 7. Qd2 Nxf4 8.
Qxf4 O-O 9. e4 fxe4 10. Qxe4 Qf6 11. Nf3 d5 12. Qe3 Nc6 13. Bb5 Bd7 14. Bxc6
Bxc6 15. O-O Be8 16. Ne5 Qf4 17. Rfe1 Rf6 18. c3 Qxe3 19. Rxe3 Ba4 20. Rae1 b6
21. Nd3 Bb5 22. Ne5 Ba4 23. h3 c5 24. Ng4 Rf4 25. dxc5 bxc5 26. Rxe6 d4 27.
cxd4 Rxd4 28. R6e5 c4 29. Rc5 Bd1 30. Re7 Bxg4 31. hxg4 Rxg4 32. f3 Rg6 33.
Rxc4 h6 34. Rcc7 a6 35. Re2 Rd8 36. Rce7 Rd1+ 37. Kf2 Rdd6 38. b4 Rd3 39. R7e3
Rdd6 40. a4 Rb6 41. Re4 Rbd6 42. b5 axb5 43. axb5 Rb6 44. Re5 Rgd6 45. Ke3 Kf7
46. Ke4 Rd1 47. Rb2 Kf6 48. Rd5 Re6+ 0-1

[Event "FB1 1920 SV Weißblau Allianz Leipzig -"]
[Site "?"]
[Date "2020.02.02"]
[Round "6.6"]
[White "Winter, Astrid"]
[Black "Jelica, Mara"]
[Result "0-1"]
[WhiteElo "1939"]
[BlackElo "2088"]
[PlyCount "80"]
[EventDate "2020.??.??"]

1. e4 e5 2. Nf3 Nc6 3. Bc4 Nf6 4. d3 Bc5 5. Nc3 a6 6. a3 d6 7. h3 h6 8. O-O O-O
9. Nd5 Nxd5 10. Bxd5 Kh8 11. c3 Ne7 12. d4 exd4 13. cxd4 Bb6 14. Ba2 Ng6 15.
Be3 Qf6 16. Rc1 Bd7 17. Re1 Rad8 18. Kh2 Bb5 19. Qc2 Bd7 20. Qd2 Kg8 21. Ng1
Rfe8 22. Bb1 c5 23. Ne2 cxd4 24. Bxd4 Bxd4 25. Qxd4 Qe5+ 26. Kg1 Qg5 27. Qc3 d5
28. exd5 Rc8 29. Qg3 Rxc1 30. Rxc1 Rxe2 31. Qxg5 hxg5 32. b4 Ne5 33. g4 Kf8 34.
Kf1 Bb5 35. Kg2 Ke7 36. Rc7+ Kd6 37. Rxb7 Kxd5 38. Rc7 Re1 39. Bf5 Kd6 40. Rc2
Bc6+ 0-1

[Event "FB1 1920 Rodewischer Schachmiezen - SK "]
[Site "?"]
[Date "2020.02.02"]
[Round "6.1"]
[White "Kashlinskaya, Alina"]
[Black "Majdan, Joanna"]
[Result "1-0"]
[WhiteElo "2484"]
[BlackElo "2328"]
[PlyCount "83"]
[EventDate "2020.??.??"]

1. d4 Nf6 2. c4 c5 3. d5 d6 4. Nc3 g6 5. e4 Bg7 6. Nf3 O-O 7. Be2 e6 8. O-O
exd5 9. exd5 Bg4 10. h3 Bxf3 11. Bxf3 Nbd7 12. Bf4 Ne8 13. Qd2 Ne5 14. Be2 f5
15. Bh2 Nc7 16. Kh1 Qf6 17. f4 Nd7 18. a4 Qf7 19. g4 Kh8 20. Bd3 a6 21. a5 Rab8
22. Qc2 b6 23. axb6 Rxb6 24. Rab1 a5 25. Rg1 Na6 26. Qd2 Nb4 27. Be2 Qf6 28.
Nb5 Qh4 29. g5 h6 30. Nc7 hxg5 31. Rxg5 Nf6 32. Bf3 Ne4 33. Bxe4 fxe4 34. Ne6
Nd3 35. Nxf8 Bxf8 36. Rxg6 Nf2+ 37. Kg2 Qxh3+ 38. Kxf2 Qxh2+ 39. Rg2 Qh4+ 40.
Kg1 Qf6 41. Re1 Qf5 42. Qc3+ 1-0

[Event "FB1 1920 Rodewischer Schachmiezen - SK "]
[Site "?"]
[Date "2020.02.02"]
[Round "6.2"]
[White "Theissl Pokorna, Regina"]
[Black "Javakhishvili, Lela"]
[Result "0-1"]
[WhiteElo "2312"]
[BlackElo "2463"]
[PlyCount "106"]
[EventDate "2020.??.??"]

1. e4 c5 2. c3 Nf6 3. e5 Nd5 4. Nf3 Nc6 5. Bc4 Nb6 6. Bb3 c4 7. Bc2 d5 8. exd6
e5 9. d4 cxd3 10. Qxd3 Qxd6 11. Qxd6 Bxd6 12. O-O f6 13. a4 a6 14. Nbd2 Be6 15.
Ne4 Be7 16. Be3 Nc4 17. Bc5 b6 18. Bxe7 Kxe7 19. b3 N4a5 20. Ned2 Rac8 21. Rfe1
g6 22. b4 Nc4 23. Nxc4 Bxc4 24. Nd2 Be6 25. Bb3 Rhd8 26. Bxe6 Kxe6 27. Nb3 Ne7
28. Rac1 Rd3 29. Re3 Rcxc3 30. Rxd3 Rxd3 31. Rb1 Nd5 32. a5 Nc3 33. axb6 Nxb1
34. Nc5+ Kd5 35. Nxd3 Kc6 36. f4 exf4 37. Nxf4 Nc3 38. Kf2 Kxb6 39. Ke3 Kb5 40.
Kd4 Na2 41. Nd5 Nxb4 42. Nxf6 Nc6+ 43. Kd5 a5 44. Ne4 Ne7+ 45. Ke6 Nf5 46. Nc3+
Kb4 47. Nd5+ Kc5 48. Nc3 Ne3 49. Kf7 Kb4 50. Na2+ Kb3 51. Nc1+ Kc2 52. Ne2 a4
53. Nd4+ Kc3 0-1

[Event "FB1 1920 Rodewischer Schachmiezen - SK "]
[Site "?"]
[Date "2020.02.02"]
[Round "6.3"]
[White "Bulmaga, Irina"]
[Black "Lubbe, Melanie"]
[Result "1-0"]
[WhiteElo "2453"]
[BlackElo "2227"]
[PlyCount "51"]
[EventDate "2020.??.??"]

1. e4 c5 2. Nf3 e6 3. d4 cxd4 4. Nxd4 Nf6 5. Nc3 Nc6 6. Ndb5 Bc5 7. Nd6+ Ke7 8.
Bf4 e5 9. Nf5+ Kf8 10. Bg5 Bb4 11. Bxf6 Qxf6 12. Ne3 Bxc3+ 13. bxc3 g6 14. Be2
Kg7 15. O-O b6 16. Qd2 h5 17. a4 Na5 18. f4 exf4 19. Rxf4 Qe5 20. Raf1 Rf8 21.
Nf5+ Kh7 22. Rh4 Kg8 23. Rxh5 gxh5 24. Qg5+ Kh7 25. Qxh5+ Kg8 26. Nh6+ 1-0

[Event "FB1 1920 Rodewischer Schachmiezen - SK "]
[Site "?"]
[Date "2020.02.02"]
[Round "6.4"]
[White "Movsesian, Julia"]
[Black "Batsiashvili, Nino"]
[Result "1-0"]
[WhiteElo "2312"]
[BlackElo "2456"]
[PlyCount "59"]
[EventDate "2020.??.??"]

1. e4 e5 2. Nf3 Nc6 3. Bc4 Nf6 4. d3 h6 5. c3 d6 6. Nbd2 g5 7. Nf1 Bg7 8. Ne3
Ne7 9. Bb3 O-O 10. O-O Be6 11. Bc2 Ng6 12. d4 g4 13. Ne1 h5 14. f3 d5 15. dxe5
Nxe5 16. f4 Nc6 17. e5 Nd7 18. f5 Ndxe5 19. fxe6 fxe6 20. Nd3 Qh4 21. Nf4 Rf6
22. Nexd5 exd5 23. Qxd5+ Nf7 24. Qd3 Rh6 25. Ng6 Qd8 26. Qf5 Nd6 27. Qe6+ Kh7
28. Bxh6 Bxh6 29. Nf8+ Kg7 30. Qg6+ 1-0

[Event "FB1 1920 Rodewischer Schachmiezen - SK "]
[Site "?"]
[Date "2020.02.02"]
[Round "6.5"]
[White "Mkrtchian, Lilit"]
[Black "Hagarova, Zuzana"]
[Result "1/2-1/2"]
[WhiteElo "2399"]
[BlackElo "2280"]
[PlyCount "67"]
[EventDate "2020.??.??"]

1. d4 Nf6 2. Nf3 g6 3. Bf4 Bg7 4. c3 d6 5. Nbd2 O-O 6. h3 Nfd7 7. e4 e5 8. dxe5
Nxe5 9. Nxe5 dxe5 10. Be3 Nd7 11. Bc4 Qe7 12. b4 Rd8 13. O-O Nf6 14. Qb3 Nh5
15. Rfd1 h6 16. Nf3 Bd7 17. Rd2 Be8 18. Rad1 Nf4 19. Qc2 Kh7 20. Kh2 Qf6 21.
Rxd8 Rxd8 22. Rxd8 Qxd8 23. g3 Ne6 24. Bxe6 fxe6 25. h4 a5 26. a3 axb4 27. axb4
Bc6 28. c4 b6 29. c5 bxc5 30. Bxc5 Qa8 31. Nd2 Qa6 32. Kg2 Bb5 33. Qc3 Bc6 34.
Kf3 1/2-1/2

[Event "FB1 1920 Rodewischer Schachmiezen - SK "]
[Site "?"]
[Date "2020.02.02"]
[Round "6.6"]
[White "Korenova, Martina"]
[Black "Ambartsumova, Karina"]
[Result "0-1"]
[WhiteElo "2154"]
[BlackElo "2361"]
[PlyCount "64"]
[EventDate "2020.??.??"]

1. d4 Nf6 2. c4 g6 3. Nc3 Bg7 4. e4 d6 5. f4 O-O 6. Nf3 c5 7. d5 e6 8. Be2 a6
9. O-O exd5 10. cxd5 b5 11. e5 Ne8 12. a4 b4 13. Ne4 Nd7 14. e6 fxe6 15. Neg5
Nc7 16. dxe6 Nf6 17. Nf7 Qe7 18. Qxd6 Qxe6 19. Qxe6 Bxe6 20. N7g5 Bb3 21. Ne5
Rac8 22. Nc4 Rce8 23. Ne5 Nfd5 24. Bc4 Bxc4 25. Nxc4 Re2 26. Rb1 h6 27. Nh3 g5
28. Kh1 Ne6 29. Ng1 Rc2 30. Nd2 Nexf4 31. g3 Nd3 32. Rxf8+ Kxf8 0-1